Using Computers / Managing Change (Record no. 866)
[ view plain ]
| 000 -LEADER | |
|---|---|
| fixed length control field | 02010cam a22002174a 4500 |
| 005 - ΗΜΕΡΟΜΗΝΙΑ ΚΑΙ ΩΡΑ ΤΕΛΕΥΤΑΙΑΣ ΕΝΗΜΕΡΩΣΗΣ | |
| Πεδίο ελέγχου | 20250605163948.0 |
| 008 - FIXED-LENGTH DATA ELEMENTS--GENERAL INFORMATION | |
| Πεδίο ελέγχου σταθερού μήκους | 250528s ||||||||||||||||||||||||d |
| 035 ## - SYSTEM CONTROL NUMBER | |
| System control number | 15273 |
| 020 ## - ISBN | |
| ISBN | 053810760X |
| 040 ## - ΠΗΓΗ ΚΑΤΑΛΟΓΟΓΡΑΦΗΣΗΣ | |
| Φορέας πρωτότυπης καταλογογράφησης | MC Athens Campus Library |
| Γλώσσα καταλογογράφησης | Ελληνικά, Μοντέρνα (1453-) |
| Modifying agency | MC Athens Campus Library |
| Κανόνες περιγραφικής καταλογογράφησης | AACR2 |
| 245 1# - ΤΙΤΛΟΣ ΚΑΙ ΔΗΛΩΣΗ ΥΠΕΥΘΥΝΟΤΗΤΑΣ | |
| Τίτλος | Using Computers / Managing Change |
| 260 ## - PUBLICATION, DISTRIBUTION, ETC. | |
| Name of publisher, distributor, etc. | South-Western Publishing Co, |
| Date of publication, distribution, etc. | 1989 |
| 300 ## - PHYSICAL DESCRIPTION | |
| Extent | 736 |
| 505 0# - FORMATTED CONTENTS NOTE | |
| Formatted contents note | Preface, Overview, Computers and Their Impact, Some Basic Concepts, Hardware, Computers Large and Small, Input and Output, The Central Processing Unit and Storage, Data Communication, Software, Programming: Process and Tools and Techniques, Programming Languages and Operating Systems, Personal-Productivity Software, File-Processing and Data-Base Systems, Computers: The Impact, People and Systems, Introduction to Business Systems, Management and System Analysis, Management Support and Expert Systems, The Automated Office, Automating Production, Our Automated Lives, Uses of Computers: Some Applications, Privacy and Computer Crime and Security, The Future of Computing: Trends and Prospects, Appendix: Programming in BASIC, Glossary, Index. |
| 520 ## - SUMMARY, ETC. | |
| Summary, etc. | Preface, Overview, Computers and Their Impact, Some Basic Concepts, Hardware, Computers Large and Small, Input and Output, The Central Processing Unit and Storage, Data Communication, Software, Programming: Process and Tools and Techniques, Programming Languages and Operating Systems, Personal-Productivity Software, File-Processing and Data-Base Systems, Computers: The Impact, People and Systems, Introduction to Business Systems, Management and System Analysis, Management Support and Expert Systems, The Automated Office, Automating Production, Our Automated Lives, Uses of Computers: Some Applications, Privacy and Computer Crime and Security, The Future of Computing: Trends and Prospects, Appendix: Programming in BASIC, Glossary, Index. |
| 700 1# - ΠΡΟΣΘΕΤΗ ΑΝΑΓΡΑΦΗ--ΦΥΣΙΚΟ ΠΡΟΣΩΠΟ | |
| Personal name | Dolan Edwin G |
| 9 (RLIN) | 1168 |
| 700 1# - ΠΡΟΣΘΕΤΗ ΑΝΑΓΡΑΦΗ--ΦΥΣΙΚΟ ΠΡΟΣΩΠΟ | |
| Personal name | Reiss Levi |
| 9 (RLIN) | 1169 |
| 942 ## - ADDED ENTRY ELEMENTS (KOHA) | |
| Koha item type | Books |
| Τύπος τεκμηρίου | Βιβλιοθήκη | Τρέχουσα τοποθεσία | Barcode | Αριθμός εισαγωγής | Ημερομηνία απόκτησης | Ταξιθετικό σύμβολο | Αριθμός αντιτύπου | Κατάσταση απόσυρσης | Κατάσταση χαμένου | Κατάσταση κατεστραμμένου | Μη δανεισμός | Σύνολο δανεισμών | Ημερομηνία τελευταίας εμφάνισης | Η τιμή ισχύει από |
|---|---|---|---|---|---|---|---|---|---|---|---|---|---|---|
| Books | MC Athens Campus Library | MC Athens Campus Library | 9780000008657 | 1517 | 05/06/2025 | 658.054 REI | 1 | 05/06/2025 | 05/06/2025 |